000
00331 a2200109 4500
001
ART_7514
005
20260410161720.0
008
260409a
245
1
0
_a
La tesis en el saber contable
100
1
_a
García Casella, Carlos Luis
773
0
_t
Contabilidad y auditoría
_g
- Año 11, Nº 21 (jun. 2005)
_w
REV1723
999
_c
16881
_d
16881